[Event "4th LGA Premium Cup"]
[Site "Nuernberg GER"]
[Date "2007.09.07"]
[Round "3"]
[White "Buhmann,R"]
[Black "Zude,E"]
[Result "1-0"]
[WhiteElo "2583"]
[BlackElo "2399"]

1.Nf3 d5 2.d4 Nf6 3.c4 dxc4 4.e3 e6 5.Bxc4 c5 6.O-O a6 7.dxc5 Bxc5 8.Qxd8+ Kxd8
9.Ne5 Ke7 10.Be2 Bd7 11.Bf3 Bb5 12.Rd1 Nc6 13.Bxc6 Bxc6 14.Nxc6+ bxc6 15.Kf1 a5
16.Rd2 Bd6 17.Rc2 h5 18.h3 Ra6 19.Nd2 Rb8 20.Nc4 Bc7 21.Bd2 Nd7 22.Bc3 f6
23.f3 Rb5 24.Rd1 Rd5 25.Rdc1 Rb5 26.Ke2 Rb8 27.Be1 a4 28.a3 c5 29.Bc3 Nb6
30.Nxb6 Bxb6 31.Rd1 Ba5 32.Bd2 Bxd2 33.Rdxd2 Rd6 34.f4 Rb3 35.Kf3 f5 36.Re2 Rdb6
37.g4 hxg4+ 38.hxg4 fxg4+ 39.Kxg4 R6b5 40.Kf3 Kd6 41.Ke4 Ke7 42.Red2 Kf6
43.Rh2 c4 44.Rxc4 Rxb2 45.Rxb2 Rxb2 46.Rxa4 Rb5 47.Rc4 g5 48.a4 Ra5 49.fxg5+ Rxg5
50.Kd4 Ke7 51.e4 Kd6 52.Kc3 Rg1 53.Kb4 Rb1+ 54.Ka5 Ke5 55.Rb4 Ra1 56.Kb6 Kf4
57.a5 Ke3 58.e5 Kd3 59.a6 Kc3 60.Rb5 Kc4 61.Ra5  1-0

[Event "4th LGA Premium Cup"]
[Site "Nuernberg GER"]
[Date "2007.09.08"]
[Round "5"]
[White "Prusikin,M"]
[Black "Klundt,K"]
[Result "1-0"]
[WhiteElo "2569"]
[BlackElo "2375"]

1.d4 d5 2.c4 dxc4 3.Nf3 Nf6 4.e3 e6 5.Bxc4 c5 6.O-O Nc6 7.Qe2 a6 8.dxc5 Bxc5
9.Nbd2 O-O 10.b3 Qe7 11.Bb2 Ba3 12.Bxa3 Qxa3 13.e4 b5 14.e5 Nxe5 15.Nxe5 bxc4
16.Ndxc4 Qc5 17.b4 Qc7 18.Rfc1 Bb7 19.Na5 Qe7 20.Nec6 Bxc6 21.Nxc6 Qd6 22.Rc4 Rfc8
23.Rac1 Rc7 24.g3 Kf8 25.Na5 Rxc4 26.Qxc4 Nd5 27.a3 h5 28.Qe4 g6 29.Rc6 Qe7
30.Nb3 Qg5 31.Kg2 Qg4 32.Qxg4 hxg4 33.Nc5 a5 34.b5 Ke7 35.b6 Rb8 36.b7 Kd8
37.Ra6 Kc7 38.Rxa5  1-0

[Event "60th ch-RUS Higher League"]
[Site "Krasnoyarsk RUS"]
[Date "2007.09.09"]
[Round "6"]
[White "Tregubov,P"]
[Black "Khismatullin,D"]
[Result "0-1"]
[WhiteElo "2599"]
[BlackElo "2566"]

1.d4 d5 2.Nf3 Nf6 3.c4 dxc4 4.e3 e6 5.Bxc4 c5 6.O-O cxd4 7.exd4 Be7 8.Nc3 O-O
9.Re1 Nc6 10.Bg5 h6 11.Bh4 Bd7 12.a3 Rc8 13.Ba2 Nh5 14.Bxe7 Nxe7 15.d5 Nf4
16.Qd4 Nfxd5 17.Bxd5 Nxd5 18.Nxd5 exd5 19.Qxa7 Bg4 20.Ne5 Be6 21.Rad1 Qf6
22.Qd4 Rc2 23.h3 Rfc8 24.Rd3 Bf5 25.Rd2 Be4 26.Rxc2 Rxc2 27.Rd1 Qg5 28.Ng4 f5
29.Ne3 f4 30.Ng4 h5 31.Qe5 Qg6 32.f3 hxg4 33.hxg4 Qb6+ 34.Kh1 Qh6+ 35.Kg1 Bxf3  0-1

[Event "4th LGA Premium Cup"]
[Site "Nuernberg GER"]
[Date "2007.09.09"]
[Round "7"]
[White "Giessmann,S"]
[Black "Zude,E"]
[Result "0-1"]
[WhiteElo "2198"]
[BlackElo "2399"]

1.d4 d5 2.c4 dxc4 3.e3 Nf6 4.Bxc4 e6 5.Nf3 c5 6.O-O a6 7.Qe2 b5 8.Bd3 Bb7
9.Rd1 Nbd7 10.dxc5 Bxc5 11.a3 Qb8 12.b4 Bd6 13.h3 O-O 14.Bb2 Bxf3 15.Qxf3 Be5
16.Nc3 Rc8 17.Rac1 Ra7 18.Qe2 Rac7 19.Ne4 Rxc1 20.Bxc1 Qc7 21.f4 Nxe4 22.Bxe4 Bf6
23.Qd3 Nb6 24.Bxh7+ Kf8 25.Be4 Na4 26.Bf3 Ke7 27.e4 Nc3 28.Rf1 Rd8 29.Qc2 Bd4+
30.Kh1 e5 31.fxe5 Bxe5 32.Be3 Qc4 33.Bc5+ Ke8 34.Qf2 g6 35.Rc1 Rd7 36.Qe3 Rc7
37.Qh6 Rxc5 38.bxc5 Qxc5 39.Qg5 Kf8 40.Qd8+ Kg7 41.Qd5 Qe7 42.Qb3 Qf6 43.Kg1 Qf4
44.Rxc3 Qd2 45.Rc1 Bd4+ 46.Kh2 Qxc1 47.Bd1 Qd2 48.Qc2 Be5+  0-1

[Event "60th ch-RUS Higher League"]
[Site "Krasnoyarsk RUS"]
[Date "2007.09.11"]
[Round "8"]
[White "Tregubov,P"]
[Black "Vorobiov,E"]
[Result "1-0"]
[WhiteElo "2599"]
[BlackElo "2572"]

1.d4 d5 2.Nf3 Nf6 3.c4 dxc4 4.e3 e6 5.Bxc4 c5 6.O-O a6 7.Bb3 Nc6 8.Nc3 b5
9.dxc5 Qxd1 10.Rxd1 Bxc5 11.Bd2 Bb7 12.Rac1 Bb6 13.Bc2 Ne7 14.Ng5 O-O 15.a4 h6
16.Nge4 Nxe4 17.Nxe4 Rfd8 18.a5 Ba7 19.Bb4 Rxd1+ 20.Rxd1 Nd5 21.Be1 Rd8 22.Bb3 Kf8
23.g4 Ke7 24.h3 g6 25.g5 hxg5 26.Nxg5 f6 27.Nxe6 Kxe6 28.e4 f5 29.exd5+ Bxd5
30.Bb4 Rd7 31.Re1+ Kf6 32.Bxd5 Rxd5 33.Rc1 f4 34.Rc6+ Kf5 35.Rxa6 Bc5 36.Bxc5 Rxc5
37.Ra8 Ke4 38.Kg2 Rg5+ 39.Kf1 Kf3 40.Rd8 b4 41.a6 Ra5 42.Rd3+ Ke4 43.Rb3 Rxa6
44.Rxb4+ Kf3 45.Rb3+ Ke4 46.Ke2 g5 47.Rb4+ Kf5 48.Kf3 Ra1 49.Rb5+ Kg6 50.Rb8 Kf5
51.b4 Ra3+ 52.Kg2 Ke6 53.b5 Ra5 54.b6 Kd7 55.b7  1-0

[Event "Highlands Open A"]
[Site "Zdar nad Sazavou CZE"]
[Date "2007.09.27"]
[Round "6"]
[White "Freisler,P"]
[Black "Balhar,J"]
[Result "0-1"]
[WhiteElo "2313"]
[BlackElo "2226"]

1.Nf3 d5 2.d4 Nf6 3.c4 dxc4 4.e3 e6 5.Bxc4 c5 6.O-O Nc6 7.Nc3 a6 8.Qe2 b5
9.Bb3 Be7 10.dxc5 Bxc5 11.e4 Nd7 12.e5 O-O 13.Bf4 Bb7 14.Rad1 Qc7 15.Ne4 Be7
16.Nfg5 Ndxe5 17.Qh5 Bxg5 18.Nxg5 h6 19.Rd3 Qe7 20.Re3 Nc4 21.Rg3 Nd4 22.Nxf7 Qxf7
23.Be5 Nxe5 24.Qxe5 Qf6 25.Qh5 Nxb3 26.axb3 Rac8 27.h3 Rc2 28.Rg6 Qf4 29.Rg4 Qf5
30.Qxh6 Qxg4  0-1

[Event "IV Amateur Open"]
[Site "Calvia ESP"]
[Date "2007.10.06"]
[Round "1"]
[White "Chasovnikova,E"]
[Black "Moreno Cervera,J"]
[Result "1-0"]
[WhiteElo "2197"]
[BlackElo "1977"]

1.d4 d5 2.c4 dxc4 3.Nf3 Nf6 4.e3 c5 5.Bxc4 e6 6.O-O Nc6 7.Nc3 cxd4 8.exd4 Be7
9.Re1 O-O 10.Bg5 Na5 11.Bd3 b6 12.Bc2 Bb7 13.Qd3 g6 14.Bh6 Re8 15.Rad1 Bd5
16.Ne5 Rc8 17.Qh3 a6 18.Bg5 Rf8 19.Qh4 b5 20.Ng4 Kg7 21.Bh6+ Kg8 22.Bxf8 Kxf8
23.Nxf6 Bxf6 24.Qxh7 Bb7 25.Qh6+ Bg7 26.Qf4 Kg8 27.Be4  1-0

[Event "FSGM October"]
[Site "Budapest HUN"]
[Date "2007.10.07"]
[Round "2"]
[White "Bromberger,S"]
[Black "Fodor,T jr"]
[Result "1/2-1/2"]
[WhiteElo "2491"]
[BlackElo "2422"]

1.d4 d5 2.c4 dxc4 3.Nf3 Nf6 4.e3 e6 5.Bxc4 c5 6.O-O a6 7.Bb3 Nc6 8.Nc3 Qc7
9.Qe2 Bd6 10.h3 O-O 11.Rd1 b6 12.d5 exd5 13.Nxd5 Nxd5 14.Bxd5 Bb7 15.e4 Rae8
16.Be3 Bc8 17.Qd2 Rd8 18.Bg5 Rd7 19.Qc3 Ne5  1/2-1/2

[Event "Open"]
[Site "Winterthur SUI"]
[Date "2007.10.07"]
[Round "3"]
[White "Zesiger,H"]
[Black "Bosco,R"]
[Result "1-0"]
[WhiteElo "2082"]
[BlackElo "2142"]

1.d4 d5 2.c4 dxc4 3.e3 Nf6 4.Bxc4 e6 5.Nf3 c5 6.O-O Qc7 7.Nc3 a6 8.Bd3 cxd4
9.exd4 Nc6 10.Bg5 Be7 11.Rc1 O-O 12.Qe2 Qd8 13.Rfd1 b5 14.Bxf6 Bxf6 15.Qe4  1-0

[Event "GM"]
[Site "Corfu GRE"]
[Date "2007.10.10"]
[Round "9"]
[White "Shneider,Alek"]
[Black "Karpatchev,A"]
[Result "1/2-1/2"]
[WhiteElo "2543"]
[BlackElo "2469"]

1.d4 d5 2.Nf3 Nf6 3.c4 dxc4 4.e3 e6 5.Bxc4 c5 6.O-O a6 7.Bb3 Nc6 8.Qe2 Qc7
9.Nc3 Bd6 10.Bd2 O-O 11.Rac1 b6 12.h3 Bb7 13.dxc5 bxc5 14.Rfd1 Rfd8 15.Na4 Ne4
16.Be1 Ne7 17.Nd2 Nf5 18.Nxe4 Bxe4 19.Bc2 Bb7 20.Nc3 Bh2+ 21.Kh1 Be5 22.b3 Bxc3
23.Bxc3 Qg3 24.Qg4 Bxg2+ 25.Kg1 Qxg4 26.hxg4 Nh4 27.Kh2 Bb7 28.Kg3 Ng6 29.Ba5 Rdc8
30.Rd7 Bc6 31.Rd6 Ne7 32.Bd1 Bd5 33.Be2 h5 34.f3 hxg4 35.fxg4 Be4 36.Bb6 Nd5
37.Bxc5 a5 38.Rc4 Bb1 39.a4 Nf6 40.Bf3 Rab8 41.Ba7 Rxc4 42.bxc4 Rb4 43.Rb6 Ne4+
44.Kg2 Nd2 45.Rxb4 axb4 46.Be2 Be4+ 47.Kf2 Bc6 48.Ke1 Nb3 49.Bd1 Bxa4 50.c5 Kf8
51.c6 Ke7 52.c7 Kd7 53.Bb6 Kc8 54.g5 g6 55.e4 Kb7 56.Bxb3  1/2-1/2

[Event "FSGM October"]
[Site "Budapest HUN"]
[Date "2007.10.11"]
[Round "6"]
[White "Brustkern,J"]
[Black "Fodor,T jr"]
[Result "1/2-1/2"]
[WhiteElo "2332"]
[BlackElo "2422"]

1.d4 d5 2.Nf3 Nf6 3.c4 dxc4 4.e3 e6 5.Bxc4 c5 6.O-O a6 7.dxc5 Bxc5 8.Qxd8+ Kxd8
9.Be2 Nc6 10.Rd1+ Ke7 11.Nbd2 Rd8 12.Ne1 Rb8 13.Nd3 Bd6 14.b3 Ne5 15.Bb2 Nxd3
16.Bxd3 b5 17.Ne4  1/2-1/2

[Event "22nd GP Open A"]
[Site "Le Touquet FRA"]
[Date "2007.11.02"]
[Round "9"]
[White "Heinis,V"]
[Black "Levers,T"]
[Result "1-0"]
[WhiteElo "2202"]
[BlackElo "2010"]

1.d4 d5 2.Nf3 Nf6 3.c4 dxc4 4.e3 e6 5.Bxc4 c5 6.O-O a6 7.Bb3 b5 8.a4 b4 9.Nbd2 Qc7
10.e4 Bb7 11.d5 exd5 12.exd5 Be7 13.Nc4 Bxd5 14.Bg5 Be6 15.Bxf6 gxf6 16.Qd2 Nc6
17.a5 Rd8 18.Qh6 Nd4 19.Nxd4 Rxd4 20.Ba4+ Bd7 21.Bxd7+ Qxd7 22.b3 Qg4 23.Rfe1 Rg8
24.g3 Qg5 25.Qxh7 f5 26.Re5 Qg6 27.Qxg6 fxg6 28.Rae1 Rd7 29.Rxc5 Kf7 30.Ne5+ Ke6
31.Nxd7+ Kxd7 32.Rd1+ Ke6 33.Rc6+ Ke5 34.Rxa6 Bc5 35.Rc6 Bd4 36.Kg2 g5 37.a6 f4
38.gxf4+ gxf4+ 39.Kf3 Rh8 40.Rxd4 Kxd4 41.Rc4+ Ke5 42.Re4+ Kd6 43.Rxb4  1-0

[Event "TCh-BEL 2007-8"]
[Site "Belgium BEL"]
[Date "2007.11.04"]
[Round "3"]
[White "Mikhalevski,V"]
[Black "Schulz,KJ"]
[Result "1-0"]
[WhiteElo "2584"]
[BlackElo "2401"]

1.d4 d5 2.c4 dxc4 3.Nf3 Nf6 4.e3 e6 5.Bxc4 c5 6.O-O a6 7.Bb3 Nc6 8.Qe2 Be7
9.Rd1 Qc7 10.Nc3 O-O 11.dxc5 Bxc5 12.Bd2 e5 13.Nd5 Nxd5 14.Bxd5 Qe7 15.Rac1 Nb4
16.Qc4 Nxd5 17.Qxd5 e4 18.Qxc5 Qxc5 19.Rxc5 exf3 20.gxf3 Be6 21.Ra1 Rac8
22.Rxc8 Rxc8 23.Kg2 f5 24.Bc3 Rd8 25.Kg3 Kf7 26.h4 g6 27.Kf4 h6 28.a4 Rc8
29.a5 Rc4+ 30.e4 Bd5 31.Re1 Ke6 32.Rg1 fxe4 33.Rxg6+ Kf7 34.Rf6+ Ke7 35.Rxh6 exf3+
36.Ke5 Bf7 37.Bd4 Rc6 38.Rxc6 bxc6 39.Bc5+ Ke8 40.Kf6 Bh5 41.Kg5 Bf7 42.h5 Bg8
43.Kf6  1-0

[Event "TCh-BEL 2007-8"]
[Site "Belgium BEL"]
[Date "2007.11.04"]
[Round "3"]
[White "Feller,S"]
[Black "Michiels,B"]
[Result "1/2-1/2"]
[WhiteElo "2513"]
[BlackElo "2437"]

1.d4 d5 2.Nf3 Nf6 3.c4 dxc4 4.e3 e6 5.Bxc4 c5 6.O-O a6 7.dxc5 Qxd1 8.Rxd1 Bxc5
9.Be2 O-O 10.Ne5 b6 11.Nd2 Rd8 12.Nd3 Be7 13.Nb3 Bb7 14.f3 Nc6 15.e4 Nd7
16.Be3 Rac8 17.Rac1 Kf8 18.Rc2 Ke8 19.Kf2 Nce5 20.Rxc8 Nxd3+ 21.Bxd3 Rxc8
22.Nd2 Ne5 23.Be2 b5 24.Bd4 Bc5 25.Ke3 Bxd4+ 26.Kxd4 Nc6+ 27.Ke3 e5 28.Nb3 Rc7
29.Rc1 Kd8 30.g3 Bc8 31.f4 Nb4 32.Rxc7 Kxc7 33.a3 Nc6 34.Nc5 Kd6 35.b4 f6
36.Nb3 Be6 37.Nc5  1/2-1/2

[Event "WYb14"]
[Site "Kemer TUR"]
[Date "2007.11.18"]
[Round "1"]
[White "Graf,F"]
[Black "Atishay,A"]
[Result "1-0"]
[WhiteElo "2241"]
[BlackElo "1903"]

1.d4 d5 2.c4 dxc4 3.Nf3 Nf6 4.e3 e6 5.Bxc4 c5 6.O-O a6 7.Qe2 b5 8.Bd3 Bb7
9.Rd1 Nbd7 10.a4 c4 11.Bc2 Be7 12.e4 Qc7 13.Bg5 e5 14.Nc3 b4 15.Nd5 Nxd5
16.exd5 Bxg5 17.Nxg5 h6 18.Ne6 fxe6 19.dxe6 Nf6 20.dxe5 Qc6 21.f3 Qxe6 22.Rd6 Qe7
23.Bg6+ Kf8 24.Rad1 Ne8 25.Rd7 Qc5+ 26.Kh1 Bc6 27.R7d4 Bxa4 28.Rf4+ Ke7 29.Rf7+ Ke6
30.Rd6+ Nxd6 31.exd6+ Kxd6 32.Qe7+ Kc6 33.Qc7+ Kb5 34.Rf5 Qxf5 35.Bxf5 b3
36.Bd7+ Kb4 37.Qd6+ Ka5 38.Qc7+ Kb4 39.Qd6+ Ka5 40.Qa3 Rad8 41.Qxa4+ Kb6
42.Qc6+ Ka7 43.Qc7+  1-0

[Event "WYg18"]
[Site "Kemer TUR"]
[Date "2007.11.20"]
[Round "3"]
[White "Ivakhinova,I"]
[Black "Rysbayeva,A"]
[Result "1/2-1/2"]
[WhiteElo "2233"]
[BlackElo "2170"]

1.d4 d5 2.c4 dxc4 3.Nf3 Nf6 4.e3 e6 5.Bxc4 c5 6.O-O a6 7.Bb3 cxd4 8.exd4 Nc6
9.Bg5 Be7 10.Nc3 O-O 11.a3 b5 12.Qd3 Bb7 13.Rfd1 Rc8 14.Ne5 Qc7 15.Qe2 Rcd8
16.Nxc6 Bxc6 17.Rd3 Nd5 18.Bxe7 Qxe7 19.Qe5 Qd6 20.f3 Nf4 21.Qxd6 Rxd6 22.Rd2 Rfd8
23.Rad1 a5 24.Kf2 b4 25.axb4 axb4 26.Ne4 R6d7 27.g3 Nd5 28.Rc1 Ne7 29.Rcd1 Nf5
30.d5 Bxd5 31.Nc5 Rc7 32.Na6 Rb7 33.Bxd5 exd5 34.Rxd5 Rxd5 35.Rxd5 g6 36.g4 Ne7
37.Rd4 Nc6 38.Re4 f6 39.Ke3 Kf7 40.Nc5 Rb5 41.Nd3 h5 42.gxh5 Rxh5 43.h4 Rb5
44.Rc4 Ne7 45.Ke4 Nf5 46.Rxb4 Rxb4+ 47.Nxb4 Nxh4 48.Nd3 Ke6 49.b4 g5 50.Nc5+  1/2-1/2

[Event "WYb14"]
[Site "Kemer TUR"]
[Date "2007.11.20"]
[Round "3"]
[White "Dubessay,B"]
[Black "Atishay,A"]
[Result "1-0"]
[WhiteElo "2097"]
[BlackElo "1903"]

1.d4 d5 2.c4 dxc4 3.Nf3 Nf6 4.e3 e6 5.Bxc4 c5 6.O-O a6 7.a4 Nc6 8.Qe2 cxd4
9.Rd1 Be7 10.exd4 Nb4 11.Nc3 Bd7 12.d5 Nbxd5 13.Nxd5 Nxd5 14.Bxd5 exd5 15.Rxd5 Qc7
16.Re5 Be6 17.Bf4 Qb6 18.a5 Qb4 19.Re4 Qc5 20.Nd4 O-O 21.Rxe6 fxe6 22.Nxe6 Qb4
23.Nxf8 Rxf8 24.Be5 Bc5 25.Bc3 Qf4 26.Rf1 Qf5 27.b4 Bd6 28.Qc4+ Qf7 29.Qxf7+ Rxf7
30.Rd1 Bf8 31.Rb1 Rc7 32.Be1 Kf7 33.b5 axb5 34.Rxb5 Bd6 35.g3 Ke6 36.Kg2 Bc5
37.Bd2 Bd4 38.Kf1 Rc2 39.Be1 Rc7 40.Ke2 Bf6 41.Bd2 Rd7 42.Be3 Ke7 43.Kf3 Ke6
44.Ke4 Rc7 45.Rb6+ Ke7 46.Kd5 Bc3 47.Bc5+ Kf7 48.Rb5 Rd7+ 49.Kc4 Bf6 50.Be3 Rc7+
51.Kd5 Rd7+ 52.Kc5 Bd8 53.Kc4 Bf6 54.Rh5 h6 55.Rb5 Rc7+ 56.Kd5 Rd7+ 57.Ke4 Re7+
58.Kf5 Rd7 59.h4 g6+ 60.Ke4 h5 61.Bg5 Bg7 62.f4 Ke6 63.Rb6+ Kf7 64.Rb5 Ke6
65.Rb6+ Kf7 66.a6 bxa6 67.Rxa6 Rb7 68.Ra3 Rd7 69.Kf3 Rb7 70.Ra5 Bc3 71.Rc5 Bg7
72.f5 gxf5 73.Rxf5+ Kg6 74.Rc5 Rb3+ 75.Ke4 Rb4+ 76.Kf3 Rb3+ 77.Kg2 Rb2+ 78.Kh3 Rb6
79.Bd8 Ra6 80.Rg5+ Kh6 81.Bc7 Rc6 82.Bf4 Kh7 83.Rxh5+ Kg6 84.Rg5+ Kh7 85.Kg4 Rc4
86.Kh5 Bh6 87.Rf5 Bg7 88.g4 Rc6 89.g5 Ra6 90.Kg4 Ra1 91.Rd5 Ra6 92.h5 Rc6
93.g6+ Kg8 94.Rd8+ Bf8 95.Kf5 Rc5+ 96.Be5 Rc1 97.h6 Rf1+ 98.Ke6 Rh1 99.h7+ Rxh7
100.gxh7+ Kxh7 101.Rxf8  1-0

[Event "WYg16"]
[Site "Kemer TUR"]
[Date "2007.11.21"]
[Round "4"]
[White "Vojinovic,J"]
[Black "Tokhirjanova,H"]
[Result "1/2-1/2"]
[WhiteElo "2227"]
[BlackElo "2006"]

1.d4 d5 2.c4 dxc4 3.Nf3 Nf6 4.e3 e6 5.Bxc4 c5 6.O-O a6 7.dxc5 Qxd1 8.Rxd1 Bxc5
9.Be2 Nbd7 10.Nbd2 b6 11.Nb3 Be7 12.Nfd2 Bb7 13.Nc4 Bd5 14.f3 Rc8 15.Ncd2 Nc5
16.Nd4 b5 17.e4 Bb7 18.Kf2 O-O 19.N2b3 Na4 20.Rb1 Rfd8 21.Be3 Nd7 22.Na5 Ba8
23.Rdc1 Bc5 24.b3 Nab6 25.b4 Bxd4 26.Bxd4 Na4 27.Nb3 e5 28.Rxc8 Rxc8 29.Be3 Nf8
30.Nc5 Nxc5 31.bxc5 Ne6 32.a4 Nc7 33.axb5 axb5 34.Bxb5 Nxb5 35.Rxb5 Bc6 36.Ra5 f6
37.Ra7 Ra8 38.Rc7 Ra6 39.Kg3 Bb5 40.Bf2 Ba4 41.Kg4 Bb5 42.Rb7 Bc6 43.Rc7 Bb5  1/2-1/2

[Event "20th Belgrade Trophy"]
[Site "Belgrade SRB"]
[Date "2007.11.22"]
[Round "1"]
[White "Bogdanovski,V"]
[Black "Lecic,P"]
[Result "1/2-1/2"]
[WhiteElo "2429"]
[BlackElo "2089"]

1.d4 d5 2.c4 dxc4 3.Nf3 Nf6 4.e3 e6 5.Bxc4 c5 6.O-O a6 7.a4 Nc6 8.Qe2 cxd4
9.Rd1 Be7 10.exd4 O-O 11.Nc3 Nd5 12.Qe4 Ncb4 13.Ne5 Ra7 14.Qg4 b6 15.Bh6 Bf6
16.Ne4 Kh8 17.Bd2 Rc7 18.Rac1 Be7 19.Qh3 Qe8 20.Qb3 Bb7 21.Nc3 f6 22.Nd3 Rxc4
23.Qxc4  1/2-1/2

[Event "WYb14"]
[Site "Kemer TUR"]
[Date "2007.11.24"]
[Round "7"]
[White "Nijs,N"]
[Black "Atishay,A"]
[Result "0-1"]
[WhiteElo "2106"]
[BlackElo "1903"]

1.d4 d5 2.c4 dxc4 3.Nf3 Nf6 4.e3 e6 5.Bxc4 c5 6.O-O a6 7.Qe2 b5 8.Bd3 Bb7
9.dxc5 Bxc5 10.Bxb5+ Nbd7 11.Ba4 O-O 12.Nc3 Qc7 13.e4 Bb4 14.Rd1 Nc5 15.e5 Bxc3
16.bxc3 Nfe4 17.Qc2 Nxa4 18.Qxa4 Nxc3 19.Qg4 Bxf3 20.Qxf3 Nxd1 21.Qxd1 Qxe5
22.Be3 Rfd8 23.Qe1 Qb2 24.a4 Rd5 25.Rb1 Qc2 26.h3 Rad8 27.Kh2 Qxa4 28.Qc3 h6
29.Rb4 Qd7 30.Rg4 Qd6+ 31.f4 g6 32.Qf6 Rf5 33.Qh4 Kh7 34.Bc1 Rb8 35.Qg3 Rb1
36.Qc3 Qd1 37.Rh4 h5 38.Bd2 Rd5 39.Be3 Qh1+ 40.Kg3 Qe1+  0-1

[Event "TCh-HUN 2007-8"]
[Site "Budapest HUN"]
[Date "2007.11.25"]
[Round "3"]
[White "Izsak,Gyu"]
[Black "Lukacs,P"]
[Result "1/2-1/2"]
[WhiteElo "2427"]
[BlackElo "2413"]

1.d4 Nf6 2.Nf3 d5 3.c4 dxc4 4.e3 e6 5.Bxc4 c5 6.Nc3 a6 7.a4 Nc6 8.O-O Be7
9.Qe2 cxd4 10.Rd1 e5 11.exd4 exd4 12.Nxd4 Nxd4 13.Qe5 Qd6 14.Qxd4 Qxd4 15.Rxd4 Bc5
16.Rd1 O-O 17.h3 Be6 18.Bxe6 fxe6  1/2-1/2

[Event "WYg18"]
[Site "Kemer TUR"]
[Date "2007.11.28"]
[Round "11"]
[White "Ignacz,M"]
[Black "Nodirjanova,N"]
[Result "0-1"]
[WhiteElo "2223"]
[BlackElo "2104"]

1.d4 d5 2.c4 dxc4 3.Nf3 Nf6 4.e3 e6 5.Bxc4 c5 6.Qe2 a6 7.dxc5 Bxc5 8.O-O Nc6
9.e4 b5 10.Bb3 Nd4 11.Nxd4 Qxd4 12.Bc2 Bb7 13.Nd2 Qe5 14.Nf3 Qh5 15.h3 O-O
16.Rd1 Rfd8 17.Bg5 Be7 18.Rxd8+ Rxd8 19.Rd1 Rc8 20.Bd3 h6 21.Bf4 Qc5 22.Rc1 Qb6
23.Rxc8+ Bxc8 24.e5 Nd7 25.Qe4 Nf8 26.Be3 Bc5 27.Nd4 Qc7 28.Qc6 Qxc6 29.Nxc6 Bxe3
30.fxe3 Bb7 31.Na5 Bd5 32.a4 bxa4 33.Bxa6 Nd7 34.Bb5 Nxe5 35.Bxa4 Nd3 36.Bc2 Nxb2
37.e4 Ba2 38.Nc6 Bc4 39.Nb4 Bb5 40.Kf2 Kf8 41.h4 Ke7 42.Ke3 Kd6 43.Na2 Nc4+
44.Kf4 Ne5 45.Nc3 Bf1 46.g3 Ng6+ 47.Ke3 Ke5 48.Nd1 Ne7 49.g4 Ba6 50.Kf2 Bb5
51.Kg3  0-1

[Event "Parsvnath ch-Commonwealth"]
[Site "New Delhi IND"]
[Date "2007.12.03"]
[Round "1"]
[White "Vidit,S"]
[Black "Manush,S"]
[Result "1-0"]
[WhiteElo "2315"]
[BlackElo "1911"]

1.d4 d5 2.Nf3 Nf6 3.c4 dxc4 4.e3 e6 5.Bxc4 c5 6.O-O Nc6 7.Qe2 cxd4 8.Rd1 Be7
9.exd4 O-O 10.Nc3 a6 11.d5 exd5 12.Nxd5 Nxd5 13.Bxd5 Qc7 14.Qe4 Bd6 15.Ng5 g6
16.Nxf7 Rxf7 17.Bxf7+ Kxf7 18.Qd5+ Ke7 19.Bg5+ Kf8 20.Qxd6+ Qxd6 21.Rxd6 Bf5
22.Re1 Rc8 23.f3 Nb4 24.Rd8+ Rxd8 25.Bxd8 Nxa2 26.Re7 h5 27.Rxb7 Bd3 28.Bg5 Kg8
29.Bd2 Kf8 30.Kf2 Bb5 31.Ke3 Bf1 32.Rb3 Bc4 33.Ra3 Kf7 34.b3 Be6 35.Rxa2 Bxb3
36.Rxa6 Bc2  1-0

[Event "7th Amplico AIG Life"]
[Site "Warsaw POL"]
[Date "2007.12.16"]
[Round "9"]
[White "Socko,B"]
[Black "Tomczak,J"]
[Result "1-0"]
[WhiteElo "2646"]
[BlackElo "2443"]

1.d4 d5 2.c4 dxc4 3.Nf3 Nf6 4.e3 e6 5.Bxc4 c5 6.O-O a6 7.dxc5 Bxc5 8.Qxd8+ Kxd8
9.Be2 Nbd7 10.Rd1 Ke7 11.Nbd2 b6 12.Nc4 Bb7 13.Bd2 a5 14.Rac1 Ne4 15.Be1 Rhd8
16.Nd4 Rac8 17.Nb3 Bb4 18.Bxb4+ axb4 19.f3 Nec5 20.Nxb6 Nxb6 21.Rxd8 Kxd8
22.Rxc5 Bd5 23.Rxc8+ Kxc8 24.Nc1 Na4 25.b3 Nc3 26.Kf2 Kc7 27.Bd3 Kd6 28.Ke1 e5
29.Bf1 g5 30.e4 Be6 31.Kd2 g4 32.Bc4 gxf3 33.gxf3 Bxc4 34.bxc4 Kc5 35.Kd3 Na4
36.Nb3+ Kc6 37.Kc2 Kb6 38.Nc1 Nc5 39.Kd2 Kc6 40.Ke3 Kd6 41.h3 f6 42.Kf2 Kc6
43.Kg3 Kd6 44.Kg4 Ke6 45.h4 Kf7 46.Nb3 Na4 47.c5 Nc3 48.Nc1 Ke6 49.c6 Kd6
50.Kf5 Kxc6 51.Kxf6 Kd6 52.h5 Kc5 53.Nd3+ Kb5 54.Nxb4 Kxb4 55.Kg7 Nb5 56.Kxh7 Nc7
57.h6 Ne6 58.Kg8  1-0

[Event "7th Amplico AIG Life"]
[Site "Warsaw POL"]
[Date "2007.12.16"]
[Round "11"]
[White "Lahiri,A"]
[Black "Tomczak,J"]
[Result "0-1"]
[WhiteElo "2290"]
[BlackElo "2443"]

1.d4 d5 2.c4 dxc4 3.Nf3 Nf6 4.e3 e6 5.Bxc4 c5 6.Qe2 Nc6 7.dxc5 Bxc5 8.O-O a6
9.e4 b5 10.Bb3 Nd4 11.Nxd4 Qxd4 12.Nc3 Qe5 13.Be3 Bxe3 14.Qxe3 Ng4 15.Qg3 Qxg3
16.hxg3 Bb7 17.f3 Ne5 18.Kf2 Ke7 19.Rfd1 Rac8 20.Rd4 Nc6 21.Rd2 Na5 22.Rad1 Rc7
23.Ke3 Rhc8 24.g4 h6 25.Rd4 Ke8 26.Rd6 Bc6 27.e5 Ke7 28.Ne4 Nxb3 29.axb3 a5
30.Ra1 Ra8 31.Nc3 f6 32.f4 fxe5 33.fxe5 Bxg2 34.b4 axb4 35.Rxa8 Bxa8 36.Nxb5 Rc5
37.Rb6 Rxe5+ 38.Kf4 Re4+ 39.Kg3 Re3+ 40.Kf2 Rb3 41.Ke1  0-1

[Event "7th Amplico AIG Life"]
[Site "Warsaw POL"]
[Date "2007.12.16"]
[Round "13"]
[White "Drozdovskij,Y"]
[Black "Tomczak,J"]
[Result "1-0"]
[WhiteElo "2567"]
[BlackElo "2443"]

1.d4 d5 2.c4 dxc4 3.e3 Nf6 4.Bxc4 e6 5.Nf3 c5 6.O-O a6 7.Bd3 Nc6 8.Nc3 cxd4
9.exd4 Be7 10.Re1 O-O 11.a3 g6 12.Bc2 b6 13.Bh6 Re8 14.Qd2 Bb7 15.Rad1 Rc8
16.Qf4 Qc7 17.Ne5 Nxe5 18.dxe5 Nd5 19.Nxd5 Bxd5 20.Bd3 Qb7 21.Qg4 Bf8 22.Bxf8 Kxf8
23.h4 h5 24.Qg5 Qe7 25.Qxe7+ Kxe7 26.Bxa6 Rc2 27.Re2 Rec8 28.Rdd2 Rc1+ 29.Kh2 R8c5
30.Rd4 Ra5 31.Bd3 Rd1 32.Kg3 Rc5 33.Re3 Rd2 34.Rb4 Rc1 35.Rxb6 Rg1 36.Be4 Rd4
37.Bxd5 exd5 38.e6 Rg4+ 39.Kf3 fxe6 40.Rexe6+ Kf7 41.Rec6 Re1 42.Rc7+ Re7
43.Rxe7+ Kxe7 44.Rb4 d4 45.g3 Kd6 46.b3 Kc5 47.Rc4+ Kd5 48.Ra4 Kc5 49.Ra5+ Kb6
50.Rg5  1-0

[Event "ch-RSA"]
[Site "Milnerton RSA"]
[Date "2007.12.19"]
[Round "8"]
[White "Ophoff,J"]
[Black "Van den Heever,D"]
[Result "0-1"]
[WhiteElo "2260"]
[BlackElo "2202"]

1.d4 d5 2.c4 dxc4 3.Nf3 Nf6 4.e3 e6 5.Bxc4 c5 6.O-O a6 7.a4 Nc6 8.Qe2 cxd4
9.Rd1 Be7 10.exd4 O-O 11.Nc3 Nd5 12.Ne5 Nxc3 13.bxc3 Nxe5 14.dxe5 Qc7 15.Bd3 Rd8
16.h4 Bd7 17.Bg5 Bxg5 18.hxg5 Qxc3 19.Rac1 Qa5 20.Bxh7+ Kxh7 21.Rd4 Kg8 22.Rh4 g6
23.Qe3 Bxa4 24.Qe4 Rd1+ 25.Rxd1 Bxd1 26.Rh6 Qd8 27.f3 Bxf3 28.gxf3 Qd1+ 29.Kg2 Rc8
30.Qb4 Rc2+ 31.Kg3 Qg1+ 32.Kf4 Qc1+  0-1

[Event "Harmonie Open A"]
[Site "Groningen NED"]
[Date "2007.12.22"]
[Round "2"]
[White "Goudriaan,E"]
[Black "Clemens,A"]
[Result "0-1"]
[WhiteElo "2123"]
[BlackElo "2316"]

1.d4 Nf6 2.Nf3 d5 3.c4 dxc4 4.e3 e6 5.Bxc4 c5 6.Nc3 a6 7.a4 Nc6 8.O-O Be7
9.b3 cxd4 10.exd4 O-O 11.Bb2 Nb4 12.Qe2 b6 13.Rad1 Bb7 14.Ne5 Nbd5 15.Nxd5 Nxd5
16.f4 b5 17.axb5 axb5 18.Bxb5 Ra2 19.Bd3 Nc3 20.Qc2 Nxd1 21.Bxh7+ Kh8 22.Rxd1 Ba3
23.Rd3 Qh4 24.Rg3 Rxb2 25.Qc7 Rxg2+  0-1

[Event "3rd ch-BIH"]
[Site "Sarajevo BIH"]
[Date "2007.12.25"]
[Round "8"]
[White "Saric,Ib"]
[Black "Jakovljevic,Vlado"]
[Result "1/2-1/2"]
[WhiteElo "2541"]
[BlackElo "2461"]

1.d4 d5 2.c4 dxc4 3.Nf3 Nf6 4.e3 e6 5.Bxc4 c5 6.Qe2 cxd4 7.exd4 Nc6 8.O-O Be7
9.Rd1 O-O 10.Nc3 Nb4 11.Bg5 a6 12.Bb3 Nfd5 13.Bxe7 Nxe7 14.Qe4 Nbd5 15.Ne5 b6
16.Nxd5 exd5 17.Qe2 Bf5 18.Rac1 Qd6 19.Rc3 f6 20.Ng4 Rfc8 21.Rxc8+ Rxc8 22.Ne3 a5
23.Bxd5+ Nxd5 24.Nxf5 Qd7 25.Qf3 Kh8 26.Re1 Rd8 27.g3 b5 28.h4 Kg8 29.h5 Kf7
30.Re4 g6 31.hxg6+ hxg6 32.Ne3 Nxe3 33.Qxe3 g5 34.g4 Kg6 35.Qd3 Kg7 36.Qa3 Re8
37.Qe3 Rxe4 38.Qxe4 a4 39.d5 Qd6 40.a3 Kf8 41.Kg2 Kg7 42.Kf3 Qh2 43.Qe7+ Kg6
44.Ke2 Qf4 45.Qe8+ Kg7 46.Qd7+ Kg6 47.Qe6 Qc4+ 48.Kf3 Kg7 49.Qe7+ Kg8 50.Qe4 Qb3+
51.Kg2 Kf7 52.Qe6+ Kg6 53.Qe4+ Kf7 54.Qd4 Qc2 55.Kg3 Ke7 56.Qe3+ Kf7 57.Qe6+ Kg7
58.d6 Qc6 59.Qe7+ Kg6 60.d7 Qc7+ 61.Kg2 Qc6+ 62.Kg3 Qc7+ 63.Kh3 Qc6 64.Qe8+ Kg7
65.Qe7+ Kg6 66.Kh2 Qc7+ 67.Kg1 Qc1+ 68.Kg2 Qc6+ 69.f3 Qc2+ 70.Kh3 Qd1 71.Qe8+ Kg7
72.Qe7+ Kg6 73.Kg2 Qd2+ 74.Kg3 Qd1 75.Kf2 Qd2+ 76.Kg3 Qd1 77.Kf2  1/2-1/2

[Event "37th Rilton Cup"]
[Site "Stockholm SWE"]
[Date "2007.12.28"]
[Round "2"]
[White "Agrest,E"]
[Black "Ruck,T"]
[Result "1-0"]
[WhiteElo "2541"]
[BlackElo "2343"]

1.Nf3 d5 2.d4 Nf6 3.c4 dxc4 4.e3 e6 5.Bxc4 c5 6.O-O a6 7.Bb3 cxd4 8.exd4 Nc6
9.Nc3 Be7 10.Re1 O-O 11.Bf4 Na5 12.d5 Nxb3 13.Qxb3 Nxd5 14.Rad1 Nxf4 15.Rxd8 Rxd8
16.Rd1 Nd5 17.Ne5 Bf6 18.Nc4 b5 19.Nxd5 exd5 20.Nb6 Rb8 21.Nxd5 Be6 22.Nxf6+ gxf6
23.Qg3+ Kh8 24.Re1 a5 25.h4 Rbc8 26.Qa3 b4 27.Qxa5 Rd4 28.Qh5 Kg7 29.b3 Rc2
30.Re3 h6 31.Re1 Rxa2 32.Qc5 Rxh4 33.Qc7 Bf5 34.Qd6 Rg4 35.Re8 Be4 36.Qf8+ Kg6
37.Qg8+ Kf5 38.Qh7+ Rg6 39.Rxe4 Kxe4 40.Qxf7 Ra1+ 41.Kh2 Rg5 42.Qc4+ Kf5
43.f4 Rh5+ 44.Kg3 Rhh1 45.Qxb4 Rab1 46.Qb5+ Kg6 47.Qe8+ Kf5 48.Qc8+ Kg6 49.Qg8+ Kf5
50.Qd5+ Kg6 51.Qe4+ Kg7 52.Kg4 Rbe1 53.Qb7+ Kf8 54.g3 Rhg1 55.Qh7 Re3 56.Qxh6+ Kf7
57.Qh7+ Kf8 58.Qh2 Rb1 59.Qh8+  1-0